Informe final: Reunión sobre Recursos y Necesidades de Información y Documentación Socio-educativa en el Area Centroamericana
שמור ב:
| מחבר תאגידי: | |
|---|---|
| פורמט: | לא ידוע |
| יצא לאור: |
Guatemala :
|
| נושאים: | |
| תגים: |
הוספת תג
אין תגיות, היה/י הראשונ/ה לתייג את הרשומה!
|
MARC
| LEADER | 00000 a2200000 04500 | ||
|---|---|---|---|
| 001 | 15429 | ||
| 003 | |||
| 008 | 991231s d | ||
| 040 | |||
| 090 | |a 019207 | ||
| 110 | |a Coordinación Educativa Centroamericana | ||
| 245 | |a Informe final: Reunión sobre Recursos y Necesidades de Información y Documentación Socio-educativa en el Area Centroamericana | ||
| 260 | |a Guatemala : | ||
| 300 | |a p. varia | ||
| 650 | |a DOCUMENTACION | ||
| 999 | |c 10998 |d 10998 | ||
